[Event "Mercredi 2010.10.06 ABCD"]
[Site "Montreal CAN"]
[Date "2010.11.03"]
[Round "5"]
[White "Morin, Louis"]
[Black "Khudaverdian, Berj"]
[Result "0-1"]
[WhiteElo "1944"]
[BlackElo "1839"]
[PlyCount "124"]
[EventDate "2010.10.06"]
[EventType "tourn"]
[EventRounds "5"]
[EventCountry "CAN"]

1. e4 e6 2. d4 b6 3. Nf3 Bb7 4. Bd3 c5 5. O-O cxd4 6. Nxd4 Nc6 7. Nxc6 Bxc6 8.
Nc3 Nf6 9. e5 Nd5 10. Nxd5 Bxd5 11. Qg4 Qc7 12. Bf4 O-O-O 13. Rfe1 Kb8 14. c4
Bb7 15. Rac1 Bc5 16. Be4 Bxe4 17. Rxe4 Qc6 18. Be3 h5 19. Qf3 Bxe3 20. Rxe3
Qxf3 21. Rxf3 Rhf8 22. c5 Rc8 23. Rb3 f6 24. Rcc3 Rc6 25. cxb6 Rxb6 26. Rxb6+
axb6 27. Rg3 Rc8 28. f4 Rc1+ 29. Kf2 f5 30. Rxg7 Rc2+ 31. Kg3 Kc7 32. Rg8 Rxb2
33. Ra8 Kc6 34. Ra3 Rc2 35. Kf3 b5 36. Ra6+ Kc5 37. a3 Rc3+ 38. Kf2 h4 39. g3
h3 40. Ra7 Rc2+ 41. Kg1 Rg2+ 42. Kh1 Rd2 43. Kg1 Kb6 44. Ra8 Rg2+ 45. Kh1 Rc2
46. Kg1 Rg2+ 47. Kh1 Ra2 48. Kg1 Kb7 49. Ra5 Kc6 50. Ra6+ Kc5 51. Rd6 Rxa3 52.
Rxd7 b4 53. Rb7 Kc4 54. Rc7+ Kd3 55. Kf2 b3 56. g4 Ra2+ 57. Kg3 fxg4 58. Rd7+
Ke4 59. Kxg4 Rxh2 60. Rb7 Rb2 61. Rh7 h2 62. Kg3 Rc2 0-1

[Event "Mercredi 2010.10.06 ABCD"]
[Site "Montreal CAN"]
[Date "2010.11.03"]
[Round "5"]
[White "Nardone, Raul"]
[Black "Luo, Zhao Yang"]
[Result "0-1"]
[WhiteElo "1784"]
[BlackElo "1829"]
[PlyCount "88"]
[EventDate "2010.10.06"]
[EventType "tourn"]
[EventRounds "5"]
[EventCountry "CAN"]

1. e4 c6 2. d4 d5 3. exd5 cxd5 4. c4 Nf6 5. Nc3 Nc6 6. Nf3 Bg4 7. cxd5 Nxd5 8.
Qb3 Nxc3 9. bxc3 Qc7 10. Be2 e6 11. Bf4 Bd6 12. Bxd6 Qxd6 13. O-O Rb8 14. Rfe1
O-O 15. Rad1 Rfd8 16. h3 Bh5 17. Qb5 Bg6 18. Qb2 b5 19. Bd3 Na5 20. Ne5 Bxd3
21. Nxd3 Nc4 22. Qb4 Rdc8 23. Nc5 a5 24. Qb3 Qd5 25. a3 Rb6 26. Nd3 Ne3 27.
Qxd5 Nxd5 28. Nc5 Nxc3 29. Rd3 Nd5 30. Nb3 a4 31. Nc5 b4 32. Nxa4 Ra6 33. Nc5
Rxa3 34. Rb1 Rca8 35. Rbb3 Kf8 36. g3 Ke7 37. Kg2 Kd6 38. f4 Rxb3 39. Rxb3 Ra3
40. Kf3 f5 41. Ke2 Rxb3 42. Nxb3 Nc3+ 43. Ke3 Kd5 44. Nd2 Ne4 0-1

[Event "Mercredi 2010.10.06 ABCD"]
[Site "Montreal CAN"]
[Date "2010.11.03"]
[Round "5"]
[White "Ramaswamy, Kiran"]
[Black "Dydak, Mateusz"]
[Result "0-1"]
[WhiteElo "1932"]
[BlackElo "1949"]
[PlyCount "80"]
[EventDate "2010.10.06"]
[EventType "tourn"]
[EventRounds "5"]
[EventCountry "CAN"]

1. c4 g6 2. g3 Bg7 3. Bg2 f5 4. Nc3 Nf6 5. e4 d6 6. Nge2 fxe4 7. Nxe4 Nxe4 8.
Bxe4 O-O 9. O-O Nc6 10. Nf4 e5 11. Bd5+ Kh8 12. Ne6 Bxe6 13. Bxe6 Nd4 14. Bd5
c6 15. Bg2 d5 16. d3 dxc4 17. dxc4 Qd6 18. Qd3 Rad8 19. Qe4 Qb4 20. b3 a5 21.
Rb1 Rd7 22. Be3 Qa3 23. Ra1 a4 24. Bc1 Qb4 25. Rb1 axb3 26. axb3 Rdf7 27. Qe3
Nf3+ 28. Kh1 Qa5 29. b4 Qa2 30. Qd3 Nd4 31. Be3 Qe2 32. Qxe2 Nxe2 33. b5 Nd4
34. bxc6 bxc6 35. Rb6 c5 36. Rfb1 Rc7 37. Rb7 Rxb7 38. Rxb7 Rc8 39. Bh3 Rd8 40.
Rc7 Bf8 0-1

[Event "Mercredi 2010.11.17 ABCD"]
[Site "Montreal CAN"]
[Date "2010.11.17"]
[Round "1"]
[White "Gagnon, Serge"]
[Black "Tremblay, Alain"]
[Result "0-1"]
[WhiteElo "2085"]
[BlackElo "2044"]
[PlyCount "74"]
[EventDate "2010.11.17"]
[EventType "swiss"]
[EventRounds "5"]
[EventCountry "CAN"]

1. d4 d5 2. c4 c6 3. Nf3 Nf6 4. Nc3 dxc4 5. e3 b5 6. a4 b4 7. Na2 e6 8. Bxc4
Nbd7 9. O-O Be7 10. Bd2 a5 11. Nc1 O-O 12. Nb3 Bb7 13. Qe2 c5 14. Rfd1 Qb6 15.
Bb5 Rfd8 16. Ne5 cxd4 17. Nc4 Qc7 18. exd4 Rdc8 19. Rac1 Qd8 20. Bf4 Nd5 21.
Bg3 N7f6 22. Ne5 Qb6 23. Rxc8+ Rxc8 24. Nc4 Qa7 25. Ncxa5 Ba8 26. Nc4 Nb6 27.
Nxb6 Qxb6 28. f3 Bd5 29. Nc5 b3 30. Qe5 h6 31. Nd3 Nh7 32. Nf4 Bc4 33. Bxc4
Rxc4 34. a5 Qa7 35. Nh5 Nf6 36. Qb5 Rxd4 37. Nxf6+ Bxf6 0-1

[Event "Mercredi 2010.11.17 ABCD"]
[Site "Montreal CAN"]
[Date "2010.11.17"]
[Round "1"]
[White "Gauthier, Denis"]
[Black "Khudaverdian, Berj"]
[Result "1-0"]
[WhiteElo "1987"]
[BlackElo "1893"]
[PlyCount "81"]
[EventDate "2010.11.17"]
[EventType "swiss"]
[EventRounds "5"]
[EventCountry "CAN"]

1. d4 Nf6 2. c4 e6 3. Nf3 b6 4. a3 Bb7 5. Nc3 c5 6. d5 exd5 7. cxd5 d6 8. e4
Nbd7 9. h3 Be7 10. Bd3 O-O 11. O-O a6 12. a4 Re8 13. Re1 Bf8 14. Bf4 Qc7 15.
Rc1 g6 16. Qd2 Bg7 17. Nb1 Re7 18. Na3 Nh5 19. Bg5 Ree8 20. Nb1 Ne5 21. Nxe5
Bxe5 22. f4 Bd4+ 23. Kh2 Qd7 24. Nc3 Ng7 25. Ne2 f6 26. Bh4 g5 27. Nxd4 gxh4
28. Nf3 Qxa4 29. Qf2 f5 30. Qxh4 Qd7 31. Ng5 h5 32. exf5 Nxf5 33. Qxh5 Ne3 34.
Bh7+ Kf8 35. Ne6+ Rxe6 36. dxe6 Qxe6 37. Rc3 Ng4+ 38. Qxg4 Qxe1 39. Qg8+ Ke7
40. Qg7+ Ke6 41. f5+ 1-0

[Event "Mercredi 2010.11.17 ABCD"]
[Site "Montreal CAN"]
[Date "2010.11.30"]
[Round "1"]
[White "Gauthier, Luc"]
[Black "Pozdnyakov, Alexander"]
[Result "1/2-1/2"]
[WhiteElo "1765"]
[BlackElo "1636"]
[PlyCount "58"]
[EventDate "2010.11.17"]
[EventType "swiss"]
[EventRounds "5"]
[EventCountry "CAN"]

1. e4 d5 2. exd5 Nf6 3. d4 Bg4 4. Be2 Bxe2 5. Qxe2 Qxd5 6. Nf3 Nc6 7. c4 Qe4 8.
Nc3 Qxe2+ 9. Kxe2 e6 10. Be3 O-O-O 11. Rhd1 h6 12. h3 g5 13. Rac1 Bg7 14. d5
exd5 15. cxd5 Nb4 16. d6 Nc6 17. Nb5 Ne4 18. Nxa7+ Nxa7 19. Bxa7 Rxd6 20. Rxd6
Nxd6 21. Bb6 Re8+ 22. Kf1 c6 23. Bd4 Bxd4 24. Nxd4 Re4 25. Nf3 Kd7 26. b3 Ke6
27. Nd2 Re5 28. Nf3 Re4 29. Nd2 Re5 1/2-1/2

[Event "Mercredi 2010.11.17 ABCD"]
[Site "Montreal CAN"]
[Date "2010.11.17"]
[Round "1"]
[White "Giroux, Robert"]
[Black "Lalonde, Paul"]
[Result "1/2-1/2"]
[WhiteElo "1983"]
[BlackElo "1885"]
[PlyCount "121"]
[EventDate "2010.11.17"]
[EventType "swiss"]
[EventRounds "5"]
[EventCountry "CAN"]

1. d4 Nf6 2. c4 e6 3. g3 d5 4. Nf3 Bd6 5. Bg2 c6 6. Qc2 O-O 7. O-O Nbd7 8. Rd1
Qe7 9. Bf4 e5 10. dxe5 Nxe5 11. Nxe5 Bxe5 12. Bxe5 Qxe5 13. cxd5 Nxd5 14. e4
Nf6 15. Nd2 Bg4 16. f3 Be6 17. Nf1 Rad8 18. f4 Qa5 19. h3 Rxd1 20. Qxd1 Rd8 21.
Qe1 Qb6+ 22. Qf2 Qd4 23. Qxd4 Rxd4 24. Re1 Kf8 25. b3 a5 26. f5 Bc8 27. g4 h5
28. Bf3 hxg4 29. hxg4 Ke7 30. Kf2 a4 31. Ke3 c5 32. Rc1 b6 33. Rd1 axb3 34.
axb3 Rb4 35. Rd3 Bb7 36. Nd2 Ba6 37. Rc3 Kd6 38. g5 Nd7 39. Be2 Bxe2 40. Kxe2
Ne5 41. Ke3 g6 42. fxg6 fxg6 43. Nc4+ Nxc4+ 44. bxc4 Ke5 45. Kd3 Rb1 46. Kc2
Rg1 47. Rb3 Rg2+ 48. Kc1 Rxg5 49. Rxb6 Kxe4 50. Rd6 Rf5 51. Rxg6 Kd4 52. Rg4+
Kc3 53. Rg3+ Kxc4 54. Rg4+ Kb3 55. Rg3+ Kb4 56. Rh3 Rf2 57. Rg3 c4 58. Rh3 Ra2
59. Rg3 Ra3 60. Rxa3 Kxa3 61. Kc2 1/2-1/2

[Event "Mercredi 2010.11.17 ABCD"]
[Site "Montreal CAN"]
[Date "2010.11.17"]
[Round "1"]
[White "Le Bas, Nicolas"]
[Black "Millette, Sylvain"]
[Result "1/2-1/2"]
[WhiteElo "1567"]
[BlackElo "1561"]
[PlyCount "87"]
[EventDate "2010.11.17"]
[EventType "swiss"]
[EventRounds "5"]
[EventCountry "CAN"]

1. e4 Nf6 2. e5 Nd5 3. c4 Nb6 4. d4 d6 5. f4 dxe5 6. fxe5 c5 7. d5 g6 8. Nf3
Bg4 9. Bf4 Bg7 10. Nbd2 N8d7 11. h3 Bxf3 12. Nxf3 O-O 13. Qc1 f6 14. e6 Ne5 15.
Be2 Nxf3+ 16. Bxf3 Nc8 17. O-O Nd6 18. Bg4 f5 19. Bf3 Qb6 20. Rb1 a5 21. Kh1
Ra6 22. Bh6 Bxh6 23. Qxh6 Qd8 24. b3 Rf6 25. Qe3 b6 26. Be2 Ra8 27. g4 Qc7 28.
Bd3 f4 29. Rxf4 Raf8 30. Rbf1 Ne8 31. Rxf6 Rxf6 32. Rxf6 Nxf6 33. Kg2 Ne8 34.
Qg5 Ng7 35. h4 Qd8 36. h5 Nxe6 37. dxe6 Qxd3 38. hxg6 hxg6 39. Qxe7 Qe2+ 40.
Kg3 Qe3+ 41. Kh4 Qh6+ 42. Kg3 Qe3+ 43. Kg2 Qe2+ 44. Kh3 1/2-1/2

[Event "Mercredi 2010.11.17 ABCD"]
[Site "Montreal CAN"]
[Date "2010.11.17"]
[Round "1"]
[White "Major, Luc"]
[Black "Dardoura, Khaled"]
[Result "0-1"]
[WhiteElo "1559"]
[BlackElo "1558"]
[PlyCount "84"]
[EventDate "2010.11.17"]
[EventType "swiss"]
[EventRounds "5"]
[EventCountry "CAN"]

1. e4 c6 2. d4 d5 3. e5 Bf5 4. Nf3 e6 5. c4 Nd7 6. c5 b6 7. b4 a5 8. b5 cxb5 9.
c6 Bb4+ 10. Bd2 Bxd2+ 11. Qxd2 Nb8 12. Bxb5 Qc7 13. O-O Ne7 14. Nc3 O-O 15.
Rfc1 Nbxc6 16. Bxc6 Nxc6 17. Nb5 Qd7 18. Nd6 Bg6 19. Rc3 Na7 20. Qb2 Nc8 21.
Nb5 Na7 22. Nd6 Nc8 23. Rac1 Nxd6 24. exd6 Qxd6 25. Rc7 Qb4 26. Qe2 Bh5 27. Qc2
Bxf3 28. gxf3 Qxd4 29. Qc6 Qf6 30. Qb7 h5 31. R1c3 d4 32. Rb3 d3 33. Rd7 d2 34.
Rbd3 Rad8 35. Rxd2 Rxd7 36. Qxd7 Qxf3 37. Rd3 Qg4+ 38. Rg3 Qc4 39. Qd2 Rc8 40.
Qg5 Qc1+ 41. Kg2 Qxg5 42. Rxg5 Rc5 0-1

[Event "Mercredi 2010.11.17 ABCD"]
[Site "Montreal CAN"]
[Date "2010.11.17"]
[Round "1"]
[White "Pregent, Daniel"]
[Black "Gates, Claude-Eric"]
[Result "1-0"]
[WhiteElo "1757"]
[BlackElo "1736"]
[PlyCount "89"]
[EventDate "2010.11.17"]
[EventType "swiss"]
[EventRounds "5"]
[EventCountry "CAN"]

1. d4 Nf6 2. c4 e6 3. Nf3 Bb4+ 4. Nbd2 O-O 5. a3 Be7 6. e4 d6 7. Bd3 e5 8. O-O
exd4 9. Nxd4 Nbd7 10. b4 Ne5 11. Bc2 Bg4 12. f3 Bh5 13. Nf5 c6 14. h3 d5 15.
Bb2 Nxc4 16. Nxc4 dxc4 17. Qe1 Bg6 18. Rd1 Qc7 19. Nxe7+ Qxe7 20. Qc3 b5 21. f4
h6 22. f5 Bh7 23. e5 Nd5 24. Rxd5 cxd5 25. f6 Qd7 26. Qg3 Bg6 27. Bf5 Qc7 28.
Bd4 Kh7 29. h4 Rg8 30. Bxg6+ fxg6 31. f7 Rgf8 32. Qf3 Qd7 33. Bc5 d4 34. Bxf8
Rxf8 35. Qe4 Qe6 36. Qxd4 Rxf7 37. Rxf7 Qxf7 38. Qd6 Qf4 39. Qc5 Qxh4 40. Qe3
Qh5 41. e6 Qd1+ 42. Kf2 Qg4 43. e7 Qf5+ 44. Kg1 Qb1+ 45. Kh2 1-0

[Event "Mercredi 2010.11.17 ABCD"]
[Site "Montreal CAN"]
[Date "2010.11.24"]
[Round "2"]
[White "Baran, Marius"]
[Black "Gates, Claude-Eric"]
[Result "0-1"]
[WhiteElo "1662"]
[BlackElo "1736"]
[PlyCount "76"]
[EventDate "2010.11.17"]
[EventType "swiss"]
[EventRounds "5"]
[EventCountry "CAN"]

1. d4 Nf6 2. Nf3 e6 3. Bg5 Be7 4. Bxf6 Bxf6 5. e4 g6 6. Be2 d5 7. e5 Bg7 8. O-O
O-O 9. Nbd2 c5 10. c3 b6 11. a4 cxd4 12. cxd4 Ba6 13. b4 Bxe2 14. Qxe2 Nc6 15.
Rab1 Qe7 16. Qb5 Rfc8 17. a5 bxa5 18. bxa5 Bf8 19. Rfc1 Rab8 20. Qa4 Rxb1 21.
Rxb1 Qa3 22. Qxa3 Bxa3 23. a6 Nb4 24. Kf1 Nxa6 25. Ra1 Rc1+ 26. Rxc1 Bxc1 27.
Nb3 Ba3 28. Ke2 Nc7 29. Na5 Kf8 30. Nd2 Ke8 31. Ndb3 Kd7 32. Kd3 Bb4 33. Nb7
Na6 34. N7a5 Be7 35. Kc3 Kc7 36. Kd3 Kb6 37. Kc2 Bb4 38. Nc4+ dxc4 0-1

[Event "Mercredi 2010.11.17 ABCD"]
[Site "Montreal CAN"]
[Date "2010.11.24"]
[Round "2"]
[White "Frangulian, Eric"]
[Black "Dardoura, Khaled"]
[Result "1-0"]
[WhiteElo "1511"]
[BlackElo "1558"]
[PlyCount "91"]
[EventDate "2010.11.17"]
[EventType "swiss"]
[EventRounds "5"]
[EventCountry "CAN"]

1. e4 c6 2. d4 d5 3. e5 Bf5 4. Nf3 e6 5. Bd3 Bxd3 6. Qxd3 Qa5+ 7. Bd2 Qa6 8.
Qxa6 Nxa6 9. O-O Nb4 10. Rc1 c5 11. a3 Nc6 12. Be3 cxd4 13. Bxd4 Nxd4 14. Nxd4
Rc8 15. Nd2 Bc5 16. N2b3 Bxd4 17. Nxd4 a6 18. f4 Ne7 19. Kf2 Rc4 20. c3 Kd7 21.
g3 Rhc8 22. Rd1 Nc6 23. Ke3 Na5 24. Rab1 g6 25. Rd2 R4c7 26. Rc2 Nc4+ 27. Kd3
Ke7 28. g4 h6 29. h3 Rf8 30. Re1 Na5 31. f5 gxf5 32. gxf5 Rg8 33. fxe6 Rg3+ 34.
Re3 Rxe3+ 35. Kxe3 Nc4+ 36. Kf4 fxe6 37. Rg2 Kf7 38. Rg7+ Kxg7 39. Nxe6+ Kf7
40. Nxc7 Nxb2 41. Kf5 Nc4 42. Nxd5 Nxa3 43. e6+ Kg7 44. Nc7 Nc4 45. e7 a5 46.
Ke6 1-0

[Event "Mercredi 2010.11.17 ABCD"]
[Site "Montreal CAN"]
[Date "2010.11.17"]
[Round "2"]
[White "Giroux, Robert"]
[Black "Gauthier, Denis"]
[Result "1/2-1/2"]
[WhiteElo "1983"]
[BlackElo "1987"]
[PlyCount "102"]
[EventDate "2010.11.17"]
[EventType "swiss"]
[EventRounds "5"]
[EventCountry "CAN"]

1. d4 Nf6 2. c4 g6 3. Nf3 Bg7 4. g3 O-O 5. Bg2 d6 6. O-O Nc6 7. Nc3 a6 8. e4 e5
9. d5 Ne7 10. Ne1 Nd7 11. Nd3 f5 12. f3 Nf6 13. Bd2 c6 14. Qb3 Kh8 15. a4 Rb8
16. a5 b5 17. axb6 Rxb6 18. Qa3 c5 19. Na4 Rb8 20. b4 cxb4 21. Bxb4 Ne8 22. c5
dxc5 23. Bxc5 Rf7 24. Rab1 Rxb1 25. Rxb1 Bd7 26. Nc3 Bc8 27. Rb6 Ng8 28. Qb4
Qg5 29. Qb2 Rc7 30. Bf2 Qe7 31. d6 Nxd6 32. Nd5 Nc4 33. Qc1 Nxb6 34. Qxc7 Qxc7
35. Nxc7 Nc4 36. Nc5 fxe4 37. fxe4 a5 38. Nd5 Nf6 39. h3 Nd6 40. g4 Nxd5 41.
exd5 Bh6 42. Kf1 Bd2 43. Ke2 Bb4 44. Kd3 Kg7 45. Bf3 Kf6 46. Bh4+ g5 47. Bf2 h6
48. Bd1 Ke7 49. Ba4 Ba3 50. Bc6 Bb4 51. Be3 Be1 1/2-1/2

[Event "Mercredi 2010.11.17 ABCD"]
[Site "Montreal CAN"]
[Date "2010.11.24"]
[Round "2"]
[White "Millette, Sylvain"]
[Black "Major, Luc"]
[Result "0-1"]
[WhiteElo "1561"]
[BlackElo "1559"]
[PlyCount "36"]
[EventDate "2010.11.17"]
[EventType "swiss"]
[EventRounds "5"]
[EventCountry "CAN"]

1. Nf3 Nf6 2. g3 d5 3. Bg2 c5 4. O-O Nc6 5. d4 g6 6. c4 Bg7 7. dxc5 O-O 8. Nc3
dxc4 9. Qa4 Bd7 10. Qxc4 Qc8 11. b4 Bh3 12. Bb2 Bxg2 13. Kxg2 Qf5 14. Rad1 Rad8
15. a3 a6 16. Nd5 Nxd5 17. Bxg7 Kxg7 18. e4 Nf4+ 0-1

[Event "Mercredi 2010.11.17 ABCD"]
[Site "Montreal CAN"]
[Date "2010.11.24"]
[Round "2"]
[White "Nardone, Raul"]
[Black "Gauthier, Luc"]
[Result "1-0"]
[WhiteElo "1828"]
[BlackElo "1765"]
[PlyCount "71"]
[EventDate "2010.11.17"]
[EventType "swiss"]
[EventRounds "5"]
[EventCountry "CAN"]

1. Nf3 f5 2. g3 Nf6 3. Bg2 e6 4. O-O Be7 5. d4 O-O 6. c4 d6 7. Qc2 a5 8. b3 Ne4
9. Nfd2 Nxd2 10. Nxd2 Nc6 11. Bb2 Bf6 12. Nf3 Qe8 13. e4 Nb4 14. Qe2 Qg6 15. e5
dxe5 16. dxe5 Be7 17. Nd4 f4 18. Qe4 fxg3 19. hxg3 Qh5 20. Bf3 Qf7 21. Kg2 Na6
22. Rh1 g6 23. Rh2 Nc5 24. Qe3 Nd7 25. Nxe6 Bc5 26. Nxc5 Nxc5 27. Bd5 Ne6 28.
Rah1 h5 29. Ba3 Rd8 30. Rh4 c6 31. Be4 Ng7 32. Qg5 Bf5 33. Be7 Bxe4+ 34. Rxe4
Rd3 35. Bf6 Ne6 36. Rxh5 1-0

[Event "Mercredi 2010.11.17 ABCD"]
[Site "Montreal CAN"]
[Date "2010.11.24"]
[Round "2"]
[White "Plante, Michel"]
[Black "Gagnon, Serge"]
[Result "1-0"]
[WhiteElo "2002"]
[BlackElo "2085"]
[PlyCount "69"]
[EventDate "2010.11.17"]
[EventType "swiss"]
[EventRounds "5"]
[EventCountry "CAN"]

1. d4 d6 2. e4 Nf6 3. Nc3 e5 4. Nge2 Nbd7 5. g3 Be7 6. Bg2 O-O 7. O-O exd4 8.
Nxd4 Re8 9. h3 Bf8 10. g4 Nc5 11. f3 c6 12. Bg5 Ne6 13. Be3 d5 14. e5 Nxd4 15.
Bxd4 Nd7 16. f4 Bc5 17. Na4 Bb4 18. a3 Ba5 19. b4 Bc7 20. Qd3 Nb6 21. Nb2 h5
22. Qg3 hxg4 23. hxg4 Qd7 24. Bh3 Qd8 25. Rad1 Bd7 26. Kg2 a5 27. Rh1 axb4 28.
axb4 Nc4 29. Nxc4 dxc4 30. g5 Ra2 31. Qh4 Rxc2+ 32. Kg3 Bxe5 33. Bxe5 f6 34.
gxf6 Qb6 35. Qh8+ 1-0

[Event "Mercredi 2010.11.17 ABCD"]
[Site "Montreal CAN"]
[Date "2010.11.24"]
[Round "2"]
[White "Pozdnyakov, Alexander"]
[Black "Pregent, Daniel"]
[Result "0-1"]
[WhiteElo "1636"]
[BlackElo "1757"]
[PlyCount "86"]
[EventDate "2010.11.17"]
[EventType "swiss"]
[EventRounds "5"]
[EventCountry "CAN"]

1. e4 c6 2. d4 d5 3. exd5 cxd5 4. Bd3 Nf6 5. c3 e6 6. Nf3 Bd6 7. Bg5 Nbd7 8.
Nbd2 Qc7 9. Qe2 h6 10. Bh4 Nh5 11. Bg3 Nf4 12. Bxf4 Bxf4 13. g3 Bd6 14. Nh4 Nf6
15. f4 O-O 16. Ndf3 b5 17. Ne5 b4 18. O-O bxc3 19. Rac1 Ne4 20. Bxe4 Bxe5 21.
fxe5 dxe4 22. Rxc3 Qb6 23. Qxe4 Bb7 24. Qg4 Bd5 25. b3 a5 26. Rc5 Rad8 27. Rf6
Qb4 28. Rf1 Bxb3 29. Nf3 Bxa2 30. Rfc1 a4 31. Qe4 Bd5 32. Qe3 a3 33. Qc3 Qb2
34. Nd2 Rb8 35. Ra1 Qxc3 36. Rxc3 a2 37. Kf2 Rfc8 38. Rxc8+ Rxc8 39. Ke2 Rc3
40. Kd1 Rd3 41. Kc2 Rxd4 42. Nb3 Rb4 43. Nc1 Rb1 0-1

[Event "Mercredi 2010.11.17 ABCD"]
[Site "Montreal CAN"]
[Date "2010.11.24"]
[Round "2"]
[White "Sasseville, Jean"]
[Black "Tremblay, Alain"]
[Result "1-0"]
[WhiteElo "1995"]
[BlackElo "2044"]
[PlyCount "107"]
[EventDate "2010.11.17"]
[EventType "swiss"]
[EventRounds "5"]
[EventCountry "CAN"]

1. Nf3 Nf6 2. c4 e6 3. g3 c6 4. Bg2 d5 5. d4 Nbd7 6. O-O Be7 7. Nfd2 O-O 8. Nc3
b6 9. e4 Bb7 10. cxd5 cxd5 11. e5 Ne8 12. Re1 Nc7 13. Nf1 b5 14. Ne3 f6 15.
exf6 Nxf6 16. Bh3 b4 17. Ne2 Ne4 18. Nf4 Bc8 19. Nd3 Ba6 20. f4 Bxd3 21. Qxd3
Rb8 22. Ng4 Bd6 23. Ne5 Rb6 24. Be3 Qe8 25. Rac1 Qa4 26. Bg2 Nf6 27. b3 Qe8 28.
Rc2 Nb5 29. Bd2 Nc3 30. Bxc3 bxc3 31. Rce2 Qc8 32. Qc2 a5 33. Nd3 Re8 34. f5
exf5 35. Rxe8+ Nxe8 36. Bxd5+ Kh8 37. Ne5 Bxe5 38. Rxe5 g6 39. Bc4 f4 40. Qxc3
Rf6 41. d5 Qc5+ 42. Kh1 Ng7 43. gxf4 Rxf4 44. Re8+ Rf8 45. Rxf8+ Qxf8 46. Kg2
Qd8 47. Qe5 h5 48. d6 Qh4 49. Qd5 Qg4+ 50. Kf2 Qf4+ 51. Ke1 Qe3+ 52. Kd1 Qg1+
53. Kc2 Qxh2+ 54. Qd2 1-0

[Event "Mercredi 2010.11.17 ABCD"]
[Site "Montreal CAN"]
[Date "2010.11.24"]
[Round "2"]
[White "Sonn, Eric"]
[Black "Le Bas, Nicolas"]
[Result "0-1"]
[WhiteElo "1576"]
[BlackElo "1567"]
[PlyCount "90"]
[EventDate "2010.11.17"]
[EventType "swiss"]
[EventRounds "5"]
[EventCountry "CAN"]

1. e4 e5 2. Nf3 Nc6 3. Bb5 a6 4. Ba4 b5 5. Bb3 Nf6 6. Qe2 Be7 7. c3 O-O 8. d3
d5 9. Nbd2 d4 10. O-O Bg4 11. Rd1 Na5 12. Bc2 c5 13. Nf1 Qc7 14. Ng3 Rfd8 15.
h3 Be6 16. Nh2 c4 17. Ng4 cxd3 18. Bxd3 dxc3 19. bxc3 Nxg4 20. hxg4 Qxc3 21.
Bb2 Qc7 22. Nf5 Nc4 23. Rac1 Bg5 24. Rc2 Rac8 25. Bc1 Bxc1 26. Rcxc1 Qb7 27. g5
Nd6 28. Rxc8 Nxc8 29. Kh2 g6 30. Kg3 Ne7 31. Rh1 Qd7 32. Rd1 Nxf5+ 33. exf5
Bxf5 34. Bc2 Qe7 35. Rxd8+ Qxd8 36. Bxf5 gxf5 37. f4 e4 38. Kf2 Qd4+ 39. Ke1
Qc3+ 40. Kf2 Kg7 41. g4 Qd4+ 42. Kg2 Kg6 43. Qc2 Qd5 44. gxf5+ Qxf5 45. Qc6+
Qe6 0-1

[Event "Mercredi 2010.11.17 ABCD"]
[Site "Montreal CAN"]
[Date "2010.12.01"]
[Round "3"]
[White "Dardoura, Khaled"]
[Black "Millette, Sylvain"]
[Result "1/2-1/2"]
[WhiteElo "1558"]
[BlackElo "1561"]
[PlyCount "117"]
[EventDate "2010.11.17"]
[EventType "swiss"]
[EventRounds "5"]
[EventCountry "CAN"]

1. d4 Nf6 2. c4 g6 3. Nc3 d5 4. Bf4 c6 5. e3 Bg7 6. Nf3 Bg4 7. Qb3 Qb6 8. Be2
O-O 9. O-O Ne4 10. Rfd1 e6 11. h3 Bxf3 12. gxf3 dxc4 13. Bxc4 Qxb3 14. Bxb3 Nf6
15. Rac1 Nbd7 16. Na4 Nd5 17. Bh2 Bh6 18. Rd3 f5 19. Bxd5 exd5 20. Nc5 Nxc5 21.
Rxc5 f4 22. e4 dxe4 23. fxe4 Rae8 24. f3 Rf7 25. Kg2 Rd7 26. Bg1 Bg7 27. Rc2
Kf7 28. Bf2 g5 29. h4 h6 30. b4 a6 31. Rd1 Bf6 32. hxg5 hxg5 33. d5 Be5 34. Bb6
Bc7 35. Bxc7 Rxc7 36. d6 Rd7 37. e5 Ke6 38. Re1 Rf8 39. Rd2 Rff7 40. Rde2 g4
41. Rh1 gxf3+ 42. Kxf3 Rh7 43. Rxh7 Rxh7 44. Re4 Kd5 45. Re2 Ke6 46. Rd2 Rf7
47. d7 Rxd7 48. Rxd7 Kxd7 49. Kxf4 Ke6 50. Ke4 b6 51. Kd4 a5 52. bxa5 bxa5 53.
a4 c5+ 54. Kxc5 Kxe5 55. Kb5 Kd6 56. Kb6 Kd7 57. Kxa5 Kc7 58. Ka6 Kb8 59. Kb6
1/2-1/2

[Event "Mercredi 2010.11.17 ABCD"]
[Site "Montreal CAN"]
[Date "2010.12.01"]
[Round "3"]
[White "Dydak, Mateusz"]
[Black "Khudaverdian, Berj"]
[Result "1/2-1/2"]
[WhiteElo "1902"]
[BlackElo "1893"]
[PlyCount "85"]
[EventDate "2010.11.17"]
[EventType "swiss"]
[EventRounds "5"]
[EventCountry "CAN"]

1. e4 d6 2. Nc3 g6 3. g3 Bg7 4. Bg2 c6 5. d3 Nd7 6. Nge2 Rb8 7. Be3 Qa5 8. O-O
b5 9. a3 Qc7 10. Qd2 Nb6 11. Rae1 h5 12. f4 f6 13. f5 g5 14. Kh1 Nh6 15. h3 Nf7
16. b3 a6 17. h4 Bh6 18. Bf3 g4 19. Bg2 Bxe3 20. Qxe3 Nd7 21. Nf4 Nf8 22. d4
Qb6 23. Rd1 Rh7 24. Qe1 Nd7 25. Nce2 Bb7 26. Ng6 c5 27. c3 Rd8 28. Nef4 cxd4
29. cxd4 Nh8 30. Ne6 Rc8 31. Ngf4 Kf7 32. Rc1 Nf8 33. d5 Nd7 34. Rxc8 Bxc8 35.
Qc3 Bb7 36. Rc1 Ne5 37. Qd4 Qa5 38. Rc7 Qe1+ 39. Qg1 Qxg3 40. Rxb7 Qxh4+ 41.
Qh2 Qe1+ 42. Qg1 Qh4+ 43. Qh2 1/2-1/2

[Event "Mercredi 2010.11.17 ABCD"]
[Site "Montreal CAN"]
[Date "2010.12.01"]
[Round "3"]
[White "Gagnon, Serge"]
[Black "Levkovsky, Alexandre"]
[Result "0-1"]
[WhiteElo "2085"]
[BlackElo "2238"]
[PlyCount "104"]
[EventDate "2010.11.17"]
[EventType "swiss"]
[EventRounds "5"]
[EventCountry "CAN"]

1. d4 d5 2. c4 dxc4 3. Nf3 a6 4. a4 Nf6 5. Nc3 Nc6 6. a5 Bg4 7. e3 e6 8. Bxc4
Bb4 9. Qb3 Bxf3 10. gxf3 Qe7 11. Ra4 Rb8 12. O-O Bxa5 13. d5 exd5 14. Nxd5 Nxd5
15. Bxd5 O-O 16. Bxc6 bxc6 17. Qc2 Rb5 18. Qxc6 Bb4 19. f4 Rb6 20. Qc2 Qd7 21.
f3 Rc6 22. Qd1 Rd6 23. Qc2 a5 24. Ra1 Qh3 25. Qe2 Rfd8 26. b3 Rd2 27. Bxd2 Rxd2
28. Ra2 Rxe2 29. Rxe2 g6 30. Rc2 Qe6 31. e4 Qxb3 32. Rxc7 Qe3+ 33. Kh1 Qxf4 34.
Rb7 Bd6 35. Rf2 Bc5 36. Rf1 a4 37. Rb5 Bd6 38. Rf2 a3 39. Ra5 h5 40. Ra4 h4 41.
Rc4 h3 42. Kg1 Qe3 43. Rc8+ Kg7 44. Kf1 Qd3+ 45. Kg1 a2 46. Rxa2 Qb1+ 47. Kf2
Qxa2+ 48. Ke3 Qxh2 49. Ra8 Qg1+ 50. Kd3 h2 51. Kc4 h1=Q 52. Kd5 Qc5# 0-1

[Event "Mercredi 2010.11.17 ABCD"]
[Site "Montreal CAN"]
[Date "2010.12.01"]
[Round "3"]
[White "Gates, Claude-Eric"]
[Black "Pozdnyakov, Alexander"]
[Result "1-0"]
[WhiteElo "1736"]
[BlackElo "1636"]
[PlyCount "89"]
[EventDate "2010.11.17"]
[EventType "swiss"]
[EventRounds "5"]
[EventCountry "CAN"]

1. c4 f5 2. g3 Nf6 3. Bg2 e6 4. Nf3 Be7 5. O-O O-O 6. d3 d6 7. Nc3 Nc6 8. e4
fxe4 9. dxe4 e5 10. Nh4 Qe8 11. Nf5 Bd8 12. h3 Nxe4 13. Nh6+ gxh6 14. Nxe4 Qg6
15. Be3 Kh8 16. Nc3 h5 17. Qd2 Rg8 18. Rad1 Bf5 19. Kh2 Bh4 20. Ne2 Bc2 21.
Rde1 Bd3 22. Rg1 Bf6 23. Bd5 Rge8 24. h4 Nd4 25. Bxd4 Bxe2 26. Bxe5 Bxe5 27.
Rxe2 c6 28. Bg2 Qg4 29. Rge1 Qxh4+ 30. Bh3 Qd8 31. f4 h4 32. fxe5 hxg3+ 33. Kg2
dxe5 34. Qxd8 Raxd8 35. Bf5 Rf8 36. Rxe5 Rd2+ 37. Kxg3 Rxb2 38. Rh1 h6 39.
Rxh6+ Kg7 40. Rg6+ Kf7 41. Ree6 Rd8 42. Rh6 Rg8+ 43. Kf3 Rg7 44. Rhf6+ Kg8 45.
Re8# 1-0

[Event "Mercredi 2010.11.17 ABCD"]
[Site "Montreal CAN"]
[Date "2010.12.01"]
[Round "3"]
[White "Gauthier, Denis"]
[Black "Lalonde, Paul"]
[Result "0-1"]
[WhiteElo "1987"]
[BlackElo "1885"]
[PlyCount "66"]
[EventDate "2010.11.17"]
[EventType "swiss"]
[EventRounds "5"]
[EventCountry "CAN"]

1. d4 d5 2. c4 dxc4 3. e4 e5 4. Nf3 exd4 5. Bxc4 Bb4+ 6. Nbd2 Nc6 7. Qb3 Qe7 8.
O-O Nh6 9. a3 Bc5 10. Qd3 Bg4 11. b4 Bb6 12. Bb2 O-O 13. Bd5 Rad8 14. Rac1 Rd6
15. Nc4 Rg6 16. Kh1 Bxf3 17. Qxf3 Ne5 18. Nxe5 Qxe5 19. Bxb7 Ng4 20. g3 Qh5 21.
h4 Rf6 22. Qg2 Ne5 23. f4 Nd3 24. e5 Re6 25. Bf3 Qh6 26. Bd5 Nxc1 27. Bxe6 Qxe6
28. Rxc1 Qb3 29. Kh2 Rd8 30. Qc2 Qe3 31. Rd1 d3 32. Qd2 Qf3 33. Re1 Bf2 0-1